Normal view
MARC view
Entry Personal Name
001 - CONTROL NUMBER
- control field: 1146520
003 - CONTROL NUMBER IDENTIFIER
- control field: OSt
005 - DATE AND TIME OF LATEST TRANSACTION
- control field: 20260324113355.0
008 - FIXED-LENGTH DATA ELEMENTS
- fixed length control field: 260324|| aca||aabn | a|a d
040 ## - CATALOGING SOURCE
- Original cataloging agency: OSt
- Transcribing agency: OSt
100 ## - HEADING--PERSONAL NAME
- Personal name: Michael Bernhard; Amie Kreppel; Carlos de la Torre
670 ## - SOURCE DATA FOUND
- Source citation: Work cat.: (OSt)1736133: Michael Bernhard; Amie Kreppel; Carlos de la Torre, Still the Age of Populism?
